Analýza účinnosti systému hmotné zainteresovanosti v procesu tvorby a realizace národohospodářského plánu v ČSSR

Salvato in:
Dettagli Bibliografici
Autore principale: Chýlek, Vlastimil
Altri autori: Bezděková, Milada, Papežová, Věra
Natura: Libro
Lingua:ceco
Pubblicazione: Praha Výzkumný ústav plánování a řízení národního hospodářství 1981
Serie:Ekonomická studie č. 80
Tags: Aggiungi Tag
Nessun Tag, puoi essere il primo ad aggiungerne!!

MARC

LEADER 00000nam a2200000 4500
001 c139695
005 20041019155316.7
041 0 |a cze 
044 |a CZ 
245 1 0 |a Analýza účinnosti systému hmotné zainteresovanosti v procesu tvorby a realizace národohospodářského plánu v ČSSR  |c Vlastimil Chýlek, Milada Bezděková, Věra Papežová 
264 1 |a Praha  |b Výzkumný ústav plánování a řízení národního hospodářství  |c 1981 
300 |a 146 s. 
490 1 |a Ekonomická studie  |v č. 80 
830 0 |a Ekonomická studie  |v č. 80 
100 1 |a Chýlek, Vlastimil 
700 1 |a Bezděková, Milada 
700 1 |a Papežová, Věra